Fundamentals of Computers (Record no. 1466)

MARC details
000 -LEADER
fixed length control field 00425nam a22001697a 4500
005 - DATE AND TIME OF LATEST TRANSACTION
control field 20180201150449.0
008 - FIXED-LENGTH DATA ELEMENTS--GENERAL INFORMATION
fixed length control field 160523b xxu||||| |||| 00| 0 eng d
020 ## - INTERNATIONAL STANDARD BOOK NUMBER
ISBN 978-0-07-014160-5
041 ## - LANGUAGE CODE
Language code of text/sound track or separate title eng
082 ## - DEWEY DECIMAL CLASSIFICATION NUMBER
Item number 4384
Classification number 004
100 ## - MAIN ENTRY--AUTHOR NAME
Personal name Balagurusamy, E
245 ## - TITLE STATEMENT
Title Fundamentals of Computers
260 ## - PUBLICATION, DISTRIBUTION, ETC. (IMPRINT)
Place of publication New Delhi
Name of publisher Academic Faundation
300 ## - PHYSICAL DESCRIPTION
Number of Pages 459
650 ## - SUBJECT ADDED ENTRY--TOPICAL TERM
Topical Term Information Technology
942 ## - ADDED ENTRY ELEMENTS (KOHA)
Koha item type Books
Holdings
Lost status Damaged status Collection code Home library Current library Shelving location Date acquired Source of acquisition Full call number Accession Number Koha item type
    CS/IT JRU Library JRU Library SHELF-48-C 23/05/2016 PURCHASE 004 4384 Books
    CS/IT JRU Library JRU Library SHELF-57-B 23/05/2016   4384 4385 Books